Score 0/11 Timer 10:00
0 Plays Today
Hint Answer % Correct
IG1Ilford
100%
IG2Ilford
100%
IG3Ilford
100%
IG4Ilford
100%
IG5Ilford
100%
IG6Ilford
100%
IG10Loughton
100%
IG11Barking
100%
IG7Chigwell
90.9%
IG8Woodford Green
81.8%
IG9Buckhurst Hill
81.8%
Come Together.
Have Fun.
All Virtual.
We all need to come together. Play Sporcle's virtual live trivia to have fun, connect with people, and get your trivia on. Join a live hosted trivia game for your favorite pub trivia experience done virtually. If a virtual private party is more your thing, go here for details.

You're not logged in!

Compare scores with friends on all Sporcle quizzes.
OR
Log In

Sporcle TV

Today on Sporcle TV


Watch our educational content, quiz creation guides, and fun videos on Sporcle TV.

Show Comments

Extras

Created Jan 3, 2016ReportNominate
Tags:postpone

Top Quizzes Today


Score Distribution

Paid Content

Your Account Isn't Verified!

In order to create a playlist on Sporcle, you need to verify the email address you used during registration. Go to your Sporcle Settings to finish the process.

Report this User

Report this user for behavior that violates our Community Guidelines.

Details: